00965nab a2200265uuc4500001000800000005001700008008004100025035001200066035002100078040001300099041000800112100003700120245012700157260001000284650002700294650003200321650003400353650004300387650002900430650003200459700004300491773013600534942001000670999001900680120574720240202095602.0100629s2009 eng  a1205747 a(OCoLC)820546702 ccomduadb aeng10aRoyle, Phaedra4auteaut959626010aIs bigger better? corpus and dictionary use in the search for compounds, collocations, derived forms and fixed expressions c2009. aCompound words9156007 aPalabras compuestas9102727 aCorpus based research9164431 aInvestigacion basada en corpus9164852 aDictionary usage9124886 aUso del diccionario912488510aRichardson, Isabelle4auteaut95962610 tMeta : Journal des Traducteurs : Translators' Journal (Canadá)gVol. 54, No. 03, Sep. 2009, p. 520-532w688018x0026-04520212758 cARIMP c558089d558089